Encyclopedia of anthropology

Αποθηκεύτηκε σε:
Λεπτομέρειες βιβλιογραφικής εγγραφής
Άλλοι συγγραφείς: Birx, H. James (Επιμελητής έκδοσης)
Μορφή: Βιβλίο
Γλώσσα:English
Δημοσίευση: Thousand Oaks, Calif.; London, UK : Sage, c2006
Σειρά:Sage reference publication
Θέματα:
Ετικέτες: Προσθήκη ετικέτας
Δεν υπάρχουν, Καταχωρήστε ετικέτα πρώτοι!

MARC

LEADER 00000nam a2200000 i 4500
001 1/47359
008 070703s2006 eng d
020 |a 978-0-7619-3029-7 (set) 
020 |a 0-7619-3029-9 (set) 
035 |l 10088622 
040 |a GR-MY-UA  |b gre  |e aacr 
041 0 |a eng 
082 0 |a 301.03  |2 (22) 
245 1 0 |a Encyclopedia of anthropology /  |c H. James Birx, editor 
260 |a Thousand Oaks, Calif.; London, UK :   |b Sage,   |c c2006 
300 |a 5τ.;  |b έγχρ. εικ.;  |c 29 εκ. 
490 1 |a A Sage reference publication 
504 |a Περιέχει βιβλιογραφικές αναφορές και ευρετήριο 
505 0 |a Τ.1. A-B - τ.2. C-E - τ.3. F-K - τ.4. L-P - τ.5. Q-Z 
650 0 0 |a Anthropology. 
650 0 0 |a Ethnology  |x Encyclopedias. 
650 0 0 |a Culture. 
700 1 |a Birx, H. James.  |4 edt 
830 0 |a Sage reference publication 
852 |a INST  |b LESVOS  |e 20070703  |h 301.03 ENC  |p 005100037865  |q 005100037865  |t REF  |y 23  |z τ.5 
852 |a INST  |b LESVOS  |e 20070703  |h 301.03 ENC  |p 005100037866  |q 005100037866  |t REF  |y 23  |z τ.4 
852 |a INST  |b LESVOS  |e 20070703  |h 301.03 ENC  |p 005100037867  |q 005100037867  |t REF  |y 23  |z τ.3 
852 |a INST  |b LESVOS  |e 20070703  |h 301.03 ENC  |p 005100037868  |q 005100037868  |t REF  |y 23  |z τ.2 
852 |a INST  |b LESVOS  |e 20070703  |h 301.03 ENC  |p 005100037869  |q 005100037869  |t REF  |y 23  |z τ.1 
852 |a INST  |b LESVOS  |e 20070703  |h 301.03 ENC  |p 005100037865  |q 005100037865  |t REF  |v τ.5:  |y 23  |z τ.5 
852 |a INST  |b LESVOS  |e 20070703  |h 301.03 ENC  |p 005100037866  |q 005100037866  |t REF  |v τ.4:  |y 23  |z τ.4 
852 |a INST  |b LESVOS  |e 20070703  |h 301.03 ENC  |p 005100037867  |q 005100037867  |t REF  |v τ.3:  |y 23  |z τ.3 
852 |a INST  |b LESVOS  |e 20070703  |h 301.03 ENC  |p 005100037868  |q 005100037868  |t REF  |v τ.2:  |y 23  |z τ.2 
852 |a INST  |b LESVOS  |e 20070703  |h 301.03 ENC  |p 005100037869  |q 005100037869  |t REF  |v τ.1:  |y 23  |z τ.1 
852 |a INST  |b RHODES  |e 20070920  |h 301.03 ENC  |p 005400025770  |q 005400025770  |t REF  |y 23  |z τ.4 
852 |a INST  |b RHODES  |e 20070920  |h 301.03 ENC  |p 005400025771  |q 005400025771  |t REF  |y 23  |z τ.5 
852 |a INST  |b RHODES  |e 20070920  |h 301.03 ENC  |p 005400025772  |q 005400025772  |t REF  |y 23  |z τ.3 
852 |a INST  |b RHODES  |e 20070920  |h 301.03 ENC  |p 005400025773  |q 005400025773  |t REF  |y 23  |z τ.2 
852 |a INST  |b RHODES  |e 20070920  |h 301.03 ENC  |p 005400025774  |q 005400025774  |t REF  |y 23  |z τ.1 
852 |a INST  |b RHODES  |e 20070920  |h 301.03 ENC  |p 005400025770  |q 005400025770  |t REF  |v τ.4:  |y 23  |z τ.4 
852 |a INST  |b RHODES  |e 20070920  |h 301.03 ENC  |p 005400025771  |q 005400025771  |t REF  |v τ.5:  |y 23  |z τ.5 
852 |a INST  |b RHODES  |e 20070920  |h 301.03 ENC  |p 005400025772  |q 005400025772  |t REF  |v τ.3:  |y 23  |z τ.3 
852 |a INST  |b RHODES  |e 20070920  |h 301.03 ENC  |p 005400025773  |q 005400025773  |t REF  |v τ.2:  |y 23  |z τ.2 
852 |a INST  |b RHODES  |e 20070920  |h 301.03 ENC  |p 005400025774  |q 005400025774  |t REF  |v τ.1:  |y 23  |z τ.1 
853 |a INST  |b LESVOS  |h 301.03 ENC 
853 |a INST  |b RHODES  |h 301.03 ENC 
901 |a BIBL1-2007-2 
901 |a BIBL4-2007-3 
909 |a Λ  |b 135457 
909 |a Λ  |b 135458 
909 |a Λ  |b 135459 
909 |a Λ  |b 135460 
909 |a Λ  |b 135461 
909 |a Ρ  |b 135780 
909 |a Ρ  |b 135781 
909 |a Ρ  |b 135782 
909 |a Ρ  |b 135783 
909 |a Ρ  |b 135784 
922 |a 1ΕΛΗ  |b 200706  |c ΕΠΕΑΕΚ2/KYB  |d ΕΛΕΥΘΕΡΟΥΔΑΚΗΣ 
922 |a 4ΕΛΗ  |b 200706  |c ΕΠΕΑΕΚ2/KYB  |d ΠΑΠΑΣΩΤΗΡΙΟΥ 
970 |a ΒΑΡΚΑ  |b ΕΛΕΥΘΕΡΙΑ  |z 2007/07/03